00499nam a2200181Ia 4500003000400000005001700004008004100021020002900062040001700091082002200108100002200130245007100152250001100223260003000234300001700264650001700281700001900298IIN20240125154451.0231217s9999 xx 000 0 und d cRs.935.00a9788131262597 aIINbEnglish a615.1 bSHA1 aShanbhag, Tara V.1 aPharmacology for Medical GradutescTara V. Shanbhag & Smita shenoy a4td ed bElsevieraNew Delhic2020 axviii, 514p.1 aPharmacology1 ashenoy, Smita